Представление документа в формате RUSMARC

ПолеНазваниеЗначение
  Тип записи a
  Библиографический уровень a
001 Контрольный номер RU/CBS_UL/BASE/fa513a39a76841a08948d84d736abc1b
005 Дата корректировки 20260430101251.0
100 Данные общей обработки __
a Данные общей обработки 20260430 ||| 0rusy0189 ca
101 Язык документа 0_
a Язык текста rus
102 Страна публикации __
a Страна публикации RU
200 Заглавие и сведения об ответственности 1_
a Заглавие Всё начиналось секретно
e Сведения, относящиеся к заглавию [из истории строительства "Авиастара"]
f Первые сведения об ответственности В. Коршунов
300 Общие примечания __
a Общие примечания 16+
461 Уровень набора _0
1 2000
a Народная газета
463 Уровень физической единицы _0
1 2000
a № 17 (29 апр.)
v С. 10
1 2101
d 2026
1 001RU/CBS_UL/BASE/151a70eeeae3467d96b7665805c0bb20
606 Тематические рубрики 0_
a Основная рубрика Авиастар-СП, закрытое акционерное общество (Ульяновск, город) - История
610 Ключевые слова 0_
a Ключевые слова авиастроительные предприятия; авиастроительная промышленность; Авиастар (заводы); Авиастар-СП; Авиастар; заводы; история авиастроения; самолётостроение; юбилеи предприятий
686 Индексы других классификаций __
a Классификационный индекс 39.53
700 Автор _1
a Фамилия Коршунов
b Имя (инициалы) В.
801 Источник записи _0
a Страна RU
b Организация МБУК ЦБС г. Ульяновска
c Дата составления 20260430
g Правила каталогизации RCR
801 Источник записи _1
a Страна RU
b Организация МБУК ЦБС г. Ульяновска
c Дата составления 20260430
g Правила каталогизации RCR
901 Тип документа __
t Тип документа f
w Контрольный № источника RU/CBS_UL/BASE/151a70eeeae3467d96b7665805c0bb20
909 Создатель записи __
a Создатель записи mbo